Shina Tōdai no fukushoku /

Saved in:
Bibliographic Details
Main Author: Harada, Yoshito, 1885-1974.
Format: Book
Language:Japanese
Published: Tōkyō : Tōkyō Teikoku Daigaku, Taishō 10 [1921]
Series:Tōkyō Teikoku Daigaku Bungakubu kiyō ; dai 4
Subjects:
Tags: Add Tag
No Tags, Be the first to tag this record!
LEADER 00883nam a2200229ui 4500
001 007736626-3
005 20024617122053.0
008 980314s1921 ja af 000 0 jpn d
035 0 |a ocm38658329 
040 |a *YNH*  |c *YNH*  |d CStRLIN 
100 1 |6 880-01  |a Harada, Yoshito,  |d 1885-1974. 
245 1 0 |6 880-02  |a Shina Tōdai no fukushoku /  |c Harada Yoshito. 
260 |6 880-03  |a Tōkyō :  |b Tōkyō Teikoku Daigaku,  |c Taishō 10 [1921] 
300 |a 110 p., [16] leaves of plates :  |b ill. (some col.) ;  |c 27 cm. 
490 0 |6 880-04  |a Tōkyō Teikoku Daigaku Bungakubu kiyō ;  |v dai 4 
650 0 |a Costume  |z China  |x History. 
880 1 |6 100-01  |a 原田淑人,  |d 1885-1974. 
880 1 0 |6 245-02  |a 支那唐代の服飾 /  |c 原田淑人. 
880 |6 260-03  |a 東京 :  |b 東京帝國大學,  |c 大正10 [1921] 
880 0 |6 490-04  |a 東京帝國大學文學部紀要 ;  |v 第4 
988 |a 20021221 
906 |0 MH